| 000 | 00827nam a22003130a 4500 | ||
|---|---|---|---|
| 001 | PT8703 | ||
| 003 | AR-LpoUNG | ||
| 005 | 20210131232333.0 | ||
| 008 | 191001s1997||||xxu|||||||||||||||||eng d | ||
| 020 |
_a0631181423 _c$12 |
||
| 040 |
_aAR-LpoUNG _bspa _cAR-LpoUNG _eaacr |
||
| 041 | _aeng | ||
| 044 | _axxu | ||
| 082 | 0 | _aR910.3 65dic | |
| 100 | 1 |
_aJohnston, R. J. _eed. |
|
| 245 | 1 | 4 | _aThe dictionary of human geography |
| 250 | _a3ra. ed. | ||
| 260 |
_aMassachusetts : _bBlackwell, _c1997. |
||
| 300 |
_a724 p. : _bil., mapas |
||
| 650 | 4 | _aCIENCIAS DE LA TIERRA | |
| 650 | 4 | _aDOCUMENTOS PRIMARIOS | |
| 650 | 4 | _aGEOGRAFIA | |
| 650 | 4 | _aMATERIAL DE REFERENCIA | |
| 651 | 4 | _aDOCUMENTOS TEORICOS O METODOLOGICOS | |
| 700 | 1 | _aGregory, Derek | |
| 700 | 1 | _aSmith, David M. | |
| 905 | _a8703 | ||
| 942 | _cLSALA | ||
| 999 |
_c15025 _d15025 |
||